HISTORY OF MODERN US CORPORATE GOVERNANCE (Record no. 21789)
[ view plain ]
| 000 -LEADER | |
|---|---|
| fixed length control field | 00350nam a2200133Ia 4500 |
| 008 - FIXED-LENGTH DATA ELEMENTS--GENERAL INFORMATION | |
| fixed length control field | 240624s9999 xx 000 0 und d |
| 041 ## - LANGUAGE CODE | |
| Language code of text/sound track or separate title | eng |
| 082 ## - DEWEY DECIMAL CLASSIFICATION NUMBER | |
| Classification number | 658.408 CHE |
| 100 ## - MAIN ENTRY--PERSONAL NAME | |
| Personal name | CHEFFINS BRIAN R |
| 245 ## - TITLE STATEMENT | |
| Title | HISTORY OF MODERN US CORPORATE GOVERNANCE |
| 260 ## - PUBLICATION, DISTRIBUTION, ETC. | |
| Date of publication, distribution, etc. | 2011 |
| Place of publication, distribution, etc. | Cheltenham |
| Name of publisher, distributor, etc. | Edward Elgar Publishing |
| 300 ## - PHYSICAL DESCRIPTION | |
| Extent | 1152 : p. |
| 365 ## - TRADE PRICE | |
| Currency code | RS |
| Withdrawn status | Lost status | Damaged status | Not for loan | Home library | Current library | Shelving location | Date acquired | Cost, normal purchase price | Full call number | Barcode | Date last seen | Copy number | Price effective from | Koha item type |
|---|---|---|---|---|---|---|---|---|---|---|---|---|---|---|
| IMTN | IMTN | Rack 31-B | 09/17/2013 | 40533.00 | 658.408 CHE | 21789 | 06/24/2024 | 1 | 06/24/2024 | Books |